000 01242nam0a2200337 4500
001 RU\NLR\bibl\53197
005 20250616084749.0
010 _a5-89566-009-6
_91000
021 _aRU
_b99-29812
_91457
035 _a(NLR Aleph) 000051901
090 _a278487
_c278487
100 _a19991015d1999 |||y0rusy50 ca
101 0 _arus
102 _aRU
105 _aa |||||||||
200 1 _aОкаянная головушка
_eИзбр. стихотворения
_e(1953-1998)
_fГлеб Горбовский
_g[Ред. Л. Гладкая]
210 _aСПб.
_cИст. ил.
_d1999
215 _a417, [12] с., [5] л. ил., портр.
_cпортр., факс.
_d21
320 _aКн. Глеба Горбовского: с.128
327 1 _aСодерж.: Циклы: Белая сотня; Опасные мысли; Трава покаяния
686 _aШ6(2=Р)75-5
700 1 _aГорбовский
_bГ. Я.
_gГлеб Яковлевич
_4070
702 1 _aГладкая
_bЛ.
_4340
801 0 _aRU
_bNLR
_c19991015
_gPSBO
801 1 _aRU
_bNLR
_c19991015
830 _aАвт. раскрыт по кн.
852 _aNLR
_j99-3/12575
942 _cBOOK
980 _aNB